| 000 | 01253cam a2200325 i 4500 | ||
|---|---|---|---|
| 001 | 2303691 | ||
| 003 | URS | ||
| 005 | 20260326151014.0 | ||
| 008 | 801110s1980 maua bd 000 0 eng | ||
| 010 | _a 80132681 | ||
| 020 | _a083880425X | ||
| 040 |
_aDLC _cDLC _dURS _beng _erda |
||
| 050 | 1 | 4 |
_aLB1050.5 _b.C83929 1984 |
| 100 | 1 | _aCox, Aylett R. | |
| 245 | 1 | 0 |
_aStructures and techniques : _bmultisensory teaching of basic language skills : reading, handwriting, spelling, verbal expression : alphabetic phonics / _cby Aylett R. Cox. |
| 250 | _aRev. ed. | ||
| 260 |
_aCambridge, Mass. : _bEducators Pub. Service, _cc1984. |
||
| 300 |
_aix, 222 pages. : _billustrations. ; _c29 cm |
||
| 336 |
_atext _btxt _2rdacontent |
||
| 337 |
_aunmediated _bn _2rdamedia |
||
| 338 |
_avolume _bnc _2rdacarrier |
||
| 500 | _aincludes appendices. | ||
| 504 | _aBibliography: p. 197-202. | ||
| 650 | 0 |
_aReading _xRemedial teaching _xHandbooks, manuals, etc. |
|
| 650 | 0 |
_aLanguage arts _xRemedial teaching _xHandbooks, manuals, etc. |
|
| 650 | 0 | _aDyslexia. | |
| 650 | 0 |
_aLearning disabilities _xDictionaries. |
|
| 650 | 0 |
_aLearning disabled children _xEducation _xLanguage arts. |
|
| 942 |
_2lcc _cFR _erevised edition _hLB1050.5 _i.C83929 1984 |
||
| 999 |
_c99287 _d99284 |
||